Growing old in India : (Record no. 123192)

MARC details
000 -LEADER
fixed length control field 00867nam a22002537a 4500
005 - DATE AND TIME OF LATEST TRANSACTION
control field 20170124105921.0
010 ## - LIBRARY OF CONGRESS CONTROL NUMBER
LC control number B-130389
020 ## - INTERNATIONAL STANDARD BOOK NUMBER
International Standard Book Number 9788176463812
Terms of availability 1000.00
035 ## - SYSTEM CONTROL NUMBER
System control number B-130389
037 ## - SOURCE OF ACQUISITION
Source of stock number/acquisition Cen Lib/Ret
040 ## - CATALOGING SOURCE
Original cataloging agency DPL
Language of cataloging EN
082 ## - DEWEY DECIMAL CLASSIFICATION NUMBER
Classification number 305.26
Item number BOS
100 ## - MAIN ENTRY--PERSONAL NAME
Personal name Bose, Ashish
9 (RLIN) 84868
245 ## - TITLE STATEMENT
Title Growing old in India :
Remainder of title Voices reveal, sttistics speak /
Statement of responsibility, etc by Ashish Bose [and] Mala Kapur Shankardass
260 ## - PUBLICATION, DISTRIBUTION, ETC. (IMPRINT)
Place of publication, distribution, etc Delhi
Name of publisher, distributor, etc B.R.Publishing Corporation
Date of publication, distribution, etc 2004
270 ## - ADDRESS
Address 425, Nimri Colony, Ashok Vihar, Phase IV
City Delhi
Postal code 110052
300 ## - PHYSICAL DESCRIPTION
Extent xx, 450p.
Dimensions 23cm(Hb)
650 ## - SUBJECT ADDED ENTRY--TOPICAL TERM
Topical term or geographic name as entry element Mediocal science
9 (RLIN) 84869
650 ## - SUBJECT ADDED ENTRY--TOPICAL TERM
Topical term or geographic name as entry element Ageing
9 (RLIN) 84870
650 ## - SUBJECT ADDED ENTRY--TOPICAL TERM
Topical term or geographic name as entry element चिकित्सा विज्ञान
9 (RLIN) 84871
650 ## - SUBJECT ADDED ENTRY--TOPICAL TERM
Topical term or geographic name as entry element उम्र बढ़ने
9 (RLIN) 34
700 ## - ADDED ENTRY--PERSONAL NAME
Personal name Shankardass,Mala kapur
9 (RLIN) 4666
942 ## - ADDED ENTRY ELEMENTS (KOHA)
Source of classification or shelving scheme Dewey Decimal Classification
Koha item type English Books
Classification part 305.26
Call number suffix BOS
Holdings
Withdrawn status Lost status Damaged status Not for loan Home library Current library Date acquired Source of acquisition Cost, normal purchase price Total Checkouts Full call number Barcode Date last seen Copy number Cost, replacement price Price effective from Koha item type
        Central Library Central Library 04/06/2015 Cen Lib/Ret 1000.00   305.26 BOS B-130389 04/06/2015 1 1000.00 04/06/2015 English Books

© Delhi Public Library
Hit Counter
free hit counter